Statistiques concernant Géographie physique du Canada

Cliquez ici pour prendre le quiz!

Statistiques générales

  • Ce quiz a été pris 16 fois
    (4 depuis la dernière actualisation)
  • Le résultat moyen est 11 sur 20

Statistiques - réponses

QuestionRéponse% Correct
Plus grandes îlesBaffin
75%
Baie bordant le Nunavut, le Manitoba , l’Ontario et le QuébecBaie d’Hudson
75%
Ellesmere
75%
Plus grand pays frontalier du CanadaÉtats-Unis
75%
Plus longs cours d’eau (longueur au Canada )Mackenzie
75%
Plus grandes provinces/territoiresNunavut
75%
Ontario
75%
Québec
75%
Terre-Neuve
75%
Victoria
75%
Point culminantMont Logan
50%
Territoires du Nord-Ouest
50%
Célèbre tour torontoiseTour CN
50%
Yukon
50%
Chaîne de montagnes traversant notamment la Terre-Neuve et l’AlabamaAppalaches
25%
Région contenant le nom d’un état sud-américainColombie-Britanique
25%
Pays avec le Canada partage une frontière sur l’île de Hans, depuis 2022Danemark
25%
Saint-Laurent
25%
Territoires français situés à quelques kilomètres de la Terre-NeuveSaint-Pierre-et-Miquelon
25%
Nelson
0%

Distribution des résultats

Percentile par nombre de réponses

% des personnes avec chaque résultat

Votre développement - résultats

Vous n’avez pas pris ce quiz depuis la dernière actualisation